Maiores Campeões Estaduais de Futebol no Brasil - Statistics

Estatísticas Gerais
  • Esse quiz foi jogado 398 vezes
  • A pontuação média é 18 de 27
Estatísticas das Respostas
Estado Nº de Títulos Time % Correto
Rio de Janeiro 34 Flamengo
98%
Minas Gerais 44 Atlético Mineiro
97%
São Paulo 29 Corinthians
97%
Goiás 28 Goiás
97%
Rio Grande do Sul 45 Internacional
97%
Bahia 47 Bahia
96%
Ceará 45 Ceará
96%
Paraná 38 Coritiba
91%
Pernambuco 41 Sport
89%
Pará 47 Paysandu
81%
Alagoas 38 CSA
78%
Rio Grande do Norte 55 ABC
74%
Santa Catarina 18 Figueirense
74%
Acre 47 Rio Branco
74%
Espírito Santo 37 Rio Branco
74%
Distrito Federal 11 Gama
68%
Maranhão 33 Sampaio Corrêa
60%
Paraíba 29 Botafogo
56%
Sergipe 35 Sergipe
46%
Amazonas 43 Nacional
44%
Piauí 30 River
44%
Mato Grosso do Sul 11 Operário
42%
Amapá 17 Macapá
36%
Mato Grosso 24 Mixto
35%
Roraima 26 Baré
15%
Tocantins 6 Gurupi
15%
Rondônia 17 Ferroviário
11%
Nenhum quiz correspondente encontrado
Distribuição das Pontuações
Porcentagem de Pessoas com Cada Pontuação
Percentil de Números Respondidos
Sua Pontuação Histórica
Você não jogou esse quiz